000 00262nam a22001097a 4500
008 160428b xxu||||| |||| 00| 0 eng d
020 _a0130941557
041 _aeng
080 _a618.2
245 1 0 _aGerontological nursing:
_cPatricia A. Tabloski;
942 _2udc
_cBK
999 _c1645
_d1645